| 000 | 00543nam a22001577a 4500 | ||
|---|---|---|---|
| 999 |
_c534686 _d534686 |
||
| 020 | _qHard Cover. | ||
| 082 | _a621.3678 | ||
| 100 | _aFilza, Fatima Hassan. | ||
| 245 |
_a Spatial Distribution of Bio-Aerosols and Determinant factors in a built Environment / _cFatima Filza Hassan. |
||
| 260 |
_aIslamabad : _bIGIS - NUST, _c2017. |
||
| 300 |
_a72 p. ill. ; _c30cm. |
||
| 942 |
_2ddc _cTHE |
||
| 650 |
_aRemote Sensing and GIS - MS Thesis. _916703 |
||
| 700 |
_aDr. Salman Atif. _916650 |
||